Извън контрол (Запис номер 513348)
[ съкратено ]
| 000 -Лидер | |
|---|---|
| Лидер | 01208nam a2200313 a 4500 |
| 003 - Код на организацията, давaща контролен номер | |
| Код на организацията, даваща контролен номер | BLK |
| 005 - Дата и час на последна редакция | |
| Дата и час на последна редакция | 20250325153213.0 |
| 007 - Фиксирано поле за физическо описани | |
| Физическо описание | ta |
| 008 - Елементи от данни с фиксирана дължина | |
| Елементи с фиксирана дължина | 240704b bul|||||r ||||||| ||bul|| |
| 020 ## - Международен стандартен номер на книга ISBN | |
| ISBN | 9789542847434 |
| 040 ## - Източник на каталожния запис | |
| Код на библиотеката | BLK |
| 041 ## - Код за език | |
| Език | Български |
| Език за КДБФ | Български |
| 080 ## - УДК | |
| УДК код | 821.163.2 |
| УДК текст | Българска литература |
| УДК – определител | -94 |
| УДК – код + определител | 821.163.2-94 |
| 9 (RLIN) | 227592 |
| 080 ## - УДК | |
| УДК код | 784.7 |
| УДК текст | Други видове песни. - Естрада, джаз. Стари градски. Рок и попмузика. Чалга (поп фолк) |
| УДК – код + определител | 784.7 |
| 9 (RLIN) | 230551 |
| 084 ## - Класификационен индекс по друга класификация | |
| Авторски знак | Иорд - И 83 |
| 100 1# - Редна дума - Автор | |
| Автор | Йорданов, Николай |
| R(LIN) | 73901 |
| 245 ## - Сведения за заглавието | |
| Заглавие | Извън контрол |
| Авторска отговорност | Кольо Гилъна, Борислав Колев |
| 257 ## - Страна на издаване | |
| Страна на създаване/издаване | България |
| 260 ## - Област на издателските данни | |
| Място на издаване | София |
| Име на издателя | Сиела Норма |
| Година на издаване | 2024 |
| 9 (RLIN) | 217021 |
| 300 ## - Физическа характеристика | |
| Брой страници | 328 с. |
| Илюстрации | 16 с. сн. |
| Размер | 22 см |
| 380 ## - Жанр | |
| Жанр | Худож. лит. |
| 700 ## - Други автори (авторска отговорност) | |
| 9 (RLIN) | 265667 |
| Друг автор | Колев, Борислав Любенов |
| 852 ## - Местоположение | |
| Отдел | Заемна - подръчен фонд |
| Систематично-азбучна сигнатура | 821.163.2-9/Й 83 Н |
| 856 4# - Електронен адрес и достъп | |
| Електронен формат | pdf - файл |
| Път до файла (ресурса) | |
| Инструкция (цена за достъп) | 0.00 |
| Права за достъп | disable |
| 856 4# - Електронен адрес и достъп | |
| Електронен формат | pdf - файл |
| Път до файла (ресурса) | |
| Инструкция (цена за достъп) | 0.00 |
| Права за достъп | disable |
| 942 ## - АРТИКУЛИ | |
| Вид на библиотечния документ | Книги |
| Скрит в OPAC | Не |
| Периодичен библиозапис | Да |
| Koha issues (borrowed), all copies | 36 |
| 944 ## - СЪЗДАВАНЕ И РЕДАКЦИЯ на ЗАПИСА | |
| Дата на регистрацията/редакция | Геновева Генчева |
| Служител, извършил регистрацията/редакцията | 30576 |
| Номер на служител | Цветомила Тодорова |
| Създаване/Редакция | |
| 999 ## - СИСТЕМНИ КОНТРОЛНИ НОМЕРА | |
| Koha biblionumber | 513348 |
| Koha biblioitemnumber | 513348 |
| Код за отписване | Код за изгубен артикул | Източник на класификационната схема | Код за повреда | Код за отдаване | Артикулен № | Име на библиотеката - собственик | Име на библиотеката, в която се намира в момента | Статус (Текущо местоположение) | Дата на вписване в системата | Местоположение - отдел | Цена в лева | Инвентарен номер | Систематично азбучна сигнатура | Баркод | Цена в евро | Служебен тип на артикула |
|---|---|---|---|---|---|---|---|---|---|---|---|---|---|---|---|---|
| Не е изгубен | Universal Decimal Classification | Не е повреден | заемане за дома | 945686 | Регионална библиотека "Любен Каравелов" Русе | Регионална библиотека "Любен Каравелов" Русе | Заемна - подръчен фонд | 2024-07-08 | Заемна - подръчен фонд | 18.88 | 120000910780 | 821.163.2-9/Й 83 Н | 120000910780 | 9.65 | Книги | |
| Не е изгубен | Universal Decimal Classification | Не е повреден | заемане за дома | 945687 | Регионална библиотека "Любен Каравелов" Русе | Регионална библиотека "Любен Каравелов" Русе | Заемна - подръчен фонд | 2024-07-08 | Заемна - подръчен фонд | 18.88 | 120000910779 | 821.163.2-9/Й 83 Н | 120000910779 | 9.65 | Книги |